000 00311nam a22001337a 4500
020 _qPB.
040 _cFIZZA ISHAQ
082 _a530.076
_bFAU
100 _aFAUGHN,SERWAY.
_9130767
245 _aCOLLEGE PHYSICS /
_cSERWAY FAUGHN.
260 _aUSA ;
_bCANADA,
_c2003.
300 _a966 P. ;
942 _2ddc
_cBK
999 _c614949
_d614949